[Event "1st Asian Club Cup"]
[Site "Alain UAE"]
[Date "2008.12.29"]
[EventDate "2008.12.25"]
[Round "5.3"]
[Result "1/2-1/2"]
[White "Rajaram R Laxman"]
[Black "Wesley So"]
[WhiteElo "2467"]
[BlackElo "2610"]
[PlyCount "61"]

1. Nf3 Nf6 2. d4 d5 3. c4 c6 4. cxd5 cxd5 5. Nc3 Nc6 6. Bf4 a6
7. e3 Bg4 8. Be2 e6 9. Rc1 Bd6 10. Bxd6 Qxd6 11. O-O O-O
12. h3 Bxf3 13. Bxf3 Rac8 14. Qd2 Nd7 15. Na4 Qb4 16. Nc3 Nb6
17. b3 Rc7 18. Rc2 Rfc8 19. Rfc1 Na7 20. Be2 Kf8 21. Bd3 h6
22. Kf1 Ke8 23. Ke1 a5 24. Ne2 Rxc2 25. Rxc2 Rxc2 26. Bxc2
Qxd2+ 27. Kxd2 Nb5 28. Bd3 Nd6 29. f3 g5 30. Nc3 f5 31. g3
1/2-1/2

[Event "World Youth U-16 Chess Olympiad"]
[Site "Mersin TURKEY "]
[Date "2008.08.18"]
[EventDate "2008.08.18"]
[Round "2.1"]
[Result "1-0"]
[White "Wesley So"]
[Black "Tamas Petenyi"]
[WhiteElo "2577"]
[BlackElo "2289"]
[PlyCount "99"]

1. e4 e5 2. Nf3 Nc6 3. Bb5 a6 4. Ba4 Nf6 5. O-O b5 6. Bb3 Be7
7. d4 d6 8. c3 Bg4 9. Re1 O-O 10. Be3 exd4 11. cxd4 Na5
12. Bc2 c5 13. dxc5 dxc5 14. Nc3 Nd7 15. e5 Nc6 16. Bf4 Nb6
17. Be4 Qxd1 18. Raxd1 Rac8 19. h3 Be6 20. Ng5 h6 21. Nxe6
fxe6 22. Bc1 Rfd8 23. Rxd8+ Bxd8 24. Rd1 Be7 25. f4 Rc7 26. b3
b4 27. Ne2 a5 28. Be3 a4 29. Nc1 Kf7 30. Nd3 axb3 31. axb3 Nd4
32. Nc1 Nb5 33. Ne2 g6 34. g4 Na3 35. f5 gxf5 36. gxf5 exf5
37. Bxf5 Rc6 38. Nf4 Bg5 39. Be4 Bxf4 40. Bxf4 Re6 41. Bf5 Rc6
42. Be4 Re6 43. Rf1 Ke7 44. Bg3 c4 45. Bf5 Rc6 46. Bh4+ Ke8
47. e6 Rxe6 48. Bxe6 c3 49. Rd1 Kf8 50. Bf6 1-0

[Event "World Youth U-16 Chess Olympiad"]
[Site "Mersin TURKEY"]
[Date "2008.08.18"]
[EventDate "2008.08.18"]
[Round "3.2"]
[Result "0-1"]
[White "Levan Bregadze"]
[Black "Wesley So"]
[WhiteElo "2399"]
[BlackElo "2577"]
[PlyCount "150"]

1. d4 Nf6 2. c4 e6 3. Nf3 b6 4. g3 Ba6 5. b3 Bb4+ 6. Bd2 Be7
7. Bg2 O-O 8. O-O c6 9. Bc3 d5 10. Ne5 Nfd7 11. Nxd7 Nxd7
12. Nd2 Rb8 13. Re1 b5 14. c5 e5 15. b4 e4 16. a4 Ra8 17. e3
bxa4 18. Rxa4 Bb5 19. Ra2 a6 20. Bf1 f5 21. Qa1 g5 22. Bxb5
axb5 23. Ra6 Qc8 24. Rxa8 Qxa8 25. Qxa8 Rxa8 26. Ra1 Rxa1+
27. Bxa1 Kf7 28. Bc3 Ke6 29. Nf1 Nf8 30. Kg2 f4 31. h3 Ng6
32. Bd2 Bf6 33. Bc3 Ne7 34. Bb2 Nf5 35. Bc3 h5 36. Bb2 Bd8
37. Bc3 Bc7 38. Be1 Nh6 39. Bd2 Nf5 40. Be1 Kf7 41. Bd2 Kg6
42. Be1 Bd8 43. Bd2 Bf6 44. Bc3 Nh6 45. Bd2 Nf5 46. Bc3 Bg7
47. Kg1 Bh6 48. Bd2 Bf8 49. Kg2 Be7 50. Kg1 Bd8 51. Kg2 Bc7
52. Be1 Nh6 53. Bd2 Kf5 54. Be1 Bb8 55. Nh2 Bc7 56. Bd2 Ke6
57. Nf1 f3+ 58. Kg1 g4 59. hxg4 Nxg4 60. Be1 Kf5 61. Bd2 Kg5
62. Be1 h4 63. gxh4+ Kxh4 64. Kh1 Kh5 65. Kg1 Bd8 66. Nh2 Nh6
67. Nf1 Kg6 68. Bd2 Bh4 69. Nh2 Kf5 70. Be1 Nf7 71. Nf1 Nh6
72. Nh2 Kg6 73. Bd2 Kg5 74. Be1 Kf5 75. Kh1 Nf7 0-1

[Event "World Youth U-16 Chess Olympiad"]
[Site "Mersin TURKEY"]
[Date "2008.08.19"]
[EventDate "2008.08.19"]
[Round "4.2"]
[Result "1-0"]
[White "Wesley So"]
[Black "Mustafa Yilmaz"]
[WhiteElo "2577"]
[BlackElo "2362"]
[PlyCount "123"]

1. e4 c5 2. Nf3 d6 3. Nc3 Nf6 4. d4 cxd4 5. Nxd4 a6 6. h3 e6
7. g4 d5 8. exd5 Nxd5 9. Bd2 Bb4 10. Nxd5 Bxd2+ 11. Qxd2 Qxd5
12. Rg1 O-O 13. Bg2 Qe5+ 14. Qe3 Qa5+ 15. c3 Nd7 16. Nb3 Qc7
17. O-O-O a5 18. Nd4 Ra6 19. Bf1 Rb6 20. Nb5 Qc5 21. Qxc5 Nxc5
22. Be2 Bd7 23. Nd6 Bc6 24. Nc4 Ra6 25. Ne5 Ra7 26. Rd6 Be8
27. f3 Ra8 28. Rgd1 f6 29. Nd3 Nxd3+ 30. Bxd3 Bc6 31. Be4 Bxe4
32. fxe4 Rae8 33. Rb6 Re7 34. Rb5 Ra8 35. a4 Rc7 36. Rd6 Kf7
37. Kc2 Re7 38. c4 g5 39. Rdb6 Ra7 40. e5 fxe5 41. Rxe5 h6
42. Rbb5 Kf6 43. Rxa5 b6 44. Rxa7 Rxa7 45. Rb5 Rxa4 46. Kd3
Ra1 47. Rxb6 Rh1 48. c5 Rxh3+ 49. Kc4 Ke5 50. b4 Rh4 51. Kb5
Rxg4 52. Rb8 h5 53. c6 Kd6 54. Rd8+ Kc7 55. Rd7+ Kc8 56. Rh7
h4 57. Kc5 Rf4 58. b5 Rf8 59. Ra7 Kb8 60. Kb6 Rc8 61. Rb7+ Ka8
62. c7 1-0

[Event "World Youth U-16 Chess Olympiad"]
[Site "Mersin TURKEY"]
[Date "2008.08.20"]
[EventDate "2008.08.20"]
[Round "5.1"]
[Result "1/2-1/2"]
[White "Samvel Ter-Sahakyan"]
[Black "Wesley So"]
[WhiteElo "2480"]
[BlackElo "2577"]
[PlyCount "65"]

1. e4 c5 2. Nf3 Nc6 3. d4 cxd4 4. Nxd4 g6 5. Nc3 Bg7 6. Be3
Nf6 7. Bc4 O-O 8. Bb3 a5 9. f3 d5 10. Bxd5 Nxd5 11. Nxd5 f5
12. Nxc6 bxc6 13. Nb6 Rb8 14. Qxd8 Rxd8 15. Rd1 Rxd1+ 16. Kxd1
Bxb2 17. Nxc8 Rxc8 18. Ke2 fxe4 19. fxe4 Be5 20. Rb1 Bxh2
21. Rb6 Kf7 22. Ra6 Ke6 23. Rxa5 h5 24. Rg5 Kf6 25. Rc5 Bd6
26. Rc4 g5 27. a4 g4 28. a5 c5 29. a6 Ra8 30. Ra4 h4 31. e5+
Kxe5 32. Rxg4 Rxa6 33. Rxh4 1/2-1/2

[Event "World Youth U-16 Chess Olympiad"]
[Site "Mersin TURKEY"]
[Date "2008.08.22"]
[EventDate "2008.08.22"]
[Round "7.1"]
[Result "1-0"]
[White "Wesley So"]
[Black "Aleksandr Shimanov"]
[WhiteElo "2577"]
[BlackElo "2480"]
[PlyCount "53"]

1. e4 c5 2. Nf3 e6 3. d4 cxd4 4. Nxd4 a6 5. Bd3 Nf6 6. O-O Qc7
7. Qe2 d6 8. c4 g6 9. Nc3 Bg7 10. Rd1 O-O 11. Nf3 Nc6 12. h3
Nd7 13. Bf4 Bxc3 14. bxc3 f6 15. Nh2 Nc5 16. Bh6 Rd8 17. Ng4
Qe7 18. f4 e5 19. f5 Kh8 20. Qf2 gxf5 21. exf5 Qf7 22. Bc2 b6
23. Rab1 Rb8 24. Be3 Qe7 25. Qh4 Rf8 26. Nxf6 Nd7 27. Rxd6 1-0

[Event "World Youth U-16 Chess Olympiad"]
[Site "Mersin TURKEY"]
[Date "2008.08.23"]
[EventDate "2008.08.23"]
[Round "9.2"]
[Result "1-0"]
[White "Wesley So"]
[Black "Eltaj Safarli"]
[WhiteElo "2577"]
[BlackElo "2527"]
[PlyCount "129"]

1. e4 e5 2. Nf3 Nc6 3. Bb5 a6 4. Ba4 d6 5. c3 Bd7 6. O-O g6
7. d4 Bg7 8. Re1 b5 9. Bb3 Nf6 10. Bg5 h6 11. Bh4 O-O 12. a4
Re8 13. dxe5 Nxe5 14. Nxe5 Rxe5 15. Nd2 Rh5 16. Nf3 Bg4
17. Bg3 bxa4 18. Rxa4 Rb5 19. e5 Bxf3 20. gxf3 dxe5 21. Rxa6
Rab8 22. Bc4 Rxb2 23. Qxd8+ Rxd8 24. Rxe5 Rd7 25. Rc5 Rb7
26. Be5 Nh5 27. Rxg6 Kh7 28. Rg4 Bxe5 29. Rxe5 Ng7 30. Rd4
Rxd4 31. cxd4 Kg6 32. Re7 Nf5 33. Bxf7+ Kf6 34. Rd7 Nh4
35. Kf1 Rb1+ 36. Ke2 Rb2+ 37. Kd3 c6 38. Bc4 Rxf2 39. Ke4 Kg5
40. Rg7+ Kf6 41. Rc7 Kg5 42. Rg7+ Kf6 43. Rf7+ Kg6 44. Rf8 Kg7
45. Rf4 Rxh2 46. Rf7+ Kg6 47. Rc7 Rh1 48. Rxc6+ Kg7 49. Rc7+
Kf6 50. Rf7+ Kg6 51. Be6 Re1+ 52. Kd5 Ng2 53. f4 h5 54. Kd6 h4
55. d5 Kh6 56. Rf8 Kh7 57. f5 Nf4 58. f6 Ng6 59. Bf5 Kh6
60. Rg8 Ne5 61. Be6 Ng6 62. Bf5 Ne5 63. Rg7 Nc4+ 64. Kc5 Rf1
65. Bd3 1-0

[Event "Battle of Grandmasters"]
[Site "Manila PHI"]
[Date "2008.04.25"]
[EventDate "2008.04.25"]
[Round "1.4"]
[Result "0-1"]
[White "Julio Catalino Sadorra"]
[Black "Wesley So"]
[WhiteElo "2455"]
[BlackElo "2540"]
[PlyCount "72"]

1. d4 Nf6 2. c4 e6 3. Nc3 Bb4 4. f3 d5 5. a3 Bxc3+ 6. bxc3 c5
7. cxd5 Nxd5 8. Qd3 b6 9. Qb5+ Nd7 10. Qb2 f5 11. Nh3 O-O
12. Bg5 Qe8 13. e3 h6 14. Bf4 e5 15. Qb3 Bb7 16. Ba6 Bc6
17. Bb5 Qe6 18. Bxc6 Qxc6 19. Bxe5 c4 20. Qb2 Nxe5 21. dxe5
Qc5 22. Qd2 Nxe3 23. Ke2 Rfe8 24. f4 Ng4 25. Rhd1 Rad8 26. Qc1
Qc6 27. Nf2 Qxg2 28. Rf1 Nxe5 29. fxe5 Rxe5+ 30. Qe3 Rde8
31. Qxe5 Rxe5+ 32. Kd2 Qd5+ 33. Kc1 Re2 34. Rd1 Qf3 35. a4
Qxc3+ 36. Kb1 Qc2# 0-1

[Event "Battle of Grandmasters"]
[Site "Manila PHI"]
[Date "2008.??.??"]
[EventDate "2008.04.03"]
[Round "5.6"]
[Result "1/2-1/2"]
[White "Hamed Nouri"]
[Black "Wesley So"]
[WhiteElo "2392"]
[BlackElo "2540"]
[PlyCount "60"]

1. Nf3 c5 2. c4 Nc6 3. Nc3 Nf6 4. g3 g6 5. Bg2 Bg7 6. O-O O-O
7. d4 cxd4 8. Nxd4 Nxd4 9. Qxd4 d6 10. Qd3 a6 11. Bf4 Bf5
12. Qd2 Qd7 13. c5 dxc5 14. Qxd7 Nxd7 15. Bxb7 Ra7 16. Bg2 Nb6
17. Rac1 Rd8 18. Rfd1 Rd4 19. Bc6 Nd7 20. Be3 Rxd1+ 21. Rxd1
Bxc3 22. bxc3 Rc7 23. Bxd7 Bxd7 24. Bxc5 Rxc5 25. Rxd7 Rxc3
26. Rxe7 Ra3 27. e4 Rxa2 28. Ra7 h5 29. h4 Re2 30. Rxa6 Rxe4
1/2-1/2

[Event "Battle of Grandmasters"]
[Site "Manila PHI"]
[Date "2008.04.29"]
[EventDate "2008.04.29"]
[Round "6.1"]
[Result "0-1"]
[White "Fernie Donguines"]
[Black "Wesley So"]
[WhiteElo "2362"]
[BlackElo "2540"]
[PlyCount "96"]

1. e4 c5 2. Nf3 Nc6 3. Bb5 g6 4. O-O Bg7 5. Bxc6 bxc6 6. d3 d6
7. Re1 Nh6 8. h3 O-O 9. e5 Nf5 10. Nbd2 Nd4 11. Nc4 Nxf3+
12. Qxf3 d5 13. Nd2 f6 14. e6 Qd6 15. Nb3 g5 16. Qf5 c4
17. Nd4 c5 18. Nb5 Qc6 19. Nc3 d4 20. Nd5 Qd6 21. dxc4 Bb7
22. h4 h6 23. Bf4 gxf4 24. Nxf4 Qe5 25. Qg4 f5 26. Qg3 Qd6
27. Rad1 Bc6 28. b4 Be8 29. b5 Kh7 30. Qf3 Rd8 31. a4 a6
32. g3 h5 33. Rb1 Bh6 34. Nd3 f4 35. Qe4+ Bg6 36. Qe5 fxg3
37. f4 axb5 38. cxb5 c4 39. Qxd6 Rxd6 40. Ne5 Bxc2 41. Nxc4
Rdd8 42. Rb2 d3 43. a5 Rxf4 44. Ne3 d2 45. Nxc2 dxe1=Q+
46. Nxe1 Rd1 47. Re2 Rf2 48. Rxf2 Be3 0-1

[Event "Battle of Grandmasters"]
[Site "Manila PHI"]
[Date "2008.04.29"]
[EventDate "2008.04.29"]
[Round "7.6"]
[Result "1/2-1/2"]
[White "Wesley So"]
[Black "Rolando Nolte"]
[WhiteElo "2540"]
[BlackElo "2420"]
[PlyCount "127"]

1. e4 c5 2. Nf3 d6 3. d4 cxd4 4. Nxd4 Nf6 5. Nc3 a6 6. f4 e5
7. Nf3 Nbd7 8. a4 Be7 9. Bd3 O-O 10. O-O Nc5 11. Kh1 exf4
12. Bxf4 Bg4 13. Be3 Rc8 14. Qe1 d5 15. Bxc5 Bxc5 16. exd5 Bb4
17. Qg3 Bh5 18. Qh4 Bxc3 19. bxc3 Qxd5 20. Ng5 h6 21. Rxf6
Qxg5 22. Qxg5 hxg5 23. Rb6 Bg6 24. c4 Rfd8 25. Rb3 Rc7 26. Kg1
Re8 27. Rab1 Ree7 28. Kf2 Be4 29. Bxe4 Rxe4 30. Rxb7 Rcxc4
31. R1b2 Rxa4 32. g3 g4 33. Ra7 Rac4 34. Rxa6 Rc3 35. Ra1 Rf3+
36. Kg1 Re2 37. Rf1 Rxf1+ 38. Kxf1 Rxh2 39. Rb4 f5 40. Rb5 g6
41. Rb6 Kf7 42. Rb7+ Ke6 43. Rb6+ Ke5 44. Rxg6 Rxc2 45. Ra6
Kd4 46. Ra4+ Rc4 47. Rxc4+ Kxc4 48. Ke2 Kc5 49. Ke3 Kd6
50. Kd2 Kd5 51. Kd3 Ke6 52. Ke2 Kf6 53. Kf2 Kg5 54. Ke3 Kg6
55. Kf2 Kf7 56. Kf1 Ke6 57. Ke2 Kd5 58. Kd3 Ke5 59. Ke3 Kd6
60. Kd2 Ke5 61. Ke3 f4+ 62. gxf4+ Kf5 63. Ke2 Kxf4 64. Kf2
1/2-1/2

[Event "Battle of Grandmasters"]
[Site "Manila PHI"]
[Date "2008.05.01"]
[EventDate "2008.05.01"]
[Round "8.2"]
[Result "0-1"]
[White "Buenaventura Bong Villamayor"]
[Black "Wesley So"]
[WhiteElo "2425"]
[BlackElo "2540"]
[PlyCount "100"]

1. d4 Nf6 2. c4 e6 3. g3 d5 4. Bg2 Be7 5. Nf3 O-O 6. O-O dxc4
7. Qc2 a6 8. Qxc4 b5 9. Qc2 Bb7 10. Bg5 Nbd7 11. Bxf6 Nxf6
12. Nbd2 Rc8 13. Nb3 Be4 14. Qc3 Nd5 15. Qc1 Nb4 16. Qf4 Bd5
17. Nc5 Bd6 18. Qc1 Nxa2 19. Qc2 Qe7 20. b3 Nb4 21. Qc3 Bxf3
22. Bxf3 Nd5 23. Bxd5 exd5 24. e3 Bxc5 25. dxc5 Ra8 26. c6 Qd6
27. Ra5 Rfb8 28. Rc1 Rb6 29. b4 h5 30. Ra2 Re8 31. Rd2 Re6
32. Qb3 Rxc6 33. Rxc6 Qxc6 34. Rxd5 h4 35. Qd3 h3 36. Rd8+ Re8
37. Rxe8+ Qxe8 38. Qf5 Qe6 39. g4 Qc4 40. f4 g6 41. Qc8+ Kg7
42. Kf2 Qc2+ 43. Kg3 Qg2+ 44. Kh4 Qf2+ 45. Kxh3 Qxe3+ 46. Kg2
Qxf4 47. h4 Qxb4 48. h5 Qd2+ 49. Kh3 Qe3+ 50. Kg2 Qe6 0-1

[Event "Battle of Grandmasters"]
[Site "Manila PHI"]
[Date "2008.05.01"]
[EventDate "2008.05.01"]
[Round "9.5"]
[Result "1-0"]
[White "Wesley So"]
[Black "Richard Bitoon"]
[WhiteElo "2540"]
[BlackElo "2420"]
[PlyCount "135"]

1. e4 c5 2. Nf3 d6 3. d4 cxd4 4. Nxd4 Nf6 5. Nc3 a6 6. Bg5 e6
7. f4 h6 8. Bh4 Nbd7 9. Qf3 Be7 10. O-O-O Qc7 11. Bd3 g5
12. fxg5 Ne5 13. Qe2 Nfg4 14. Nf3 Nxf3 15. Qxf3 Ne5 16. Qh5
Ng6 17. Bg3 hxg5 18. Qf3 Bd7 19. Rhf1 Rf8 20. Qe3 O-O-O
21. Qa7 Ne5 22. Be2 Nc6 23. Qa8+ Nb8 24. a4 Bc6 25. Qa7 Nd7
26. Qa8+ Nb8 27. Qa7 Nd7 28. Bh5 Nf6 29. Rxf6 Bxf6 30. Rxd6
Rxd6 31. Qa8+ Kd7 32. Qxf8 Be7 33. Qxf7 Qd8 34. Bxd6 Kxd6
35. Bg4 Bd7 36. e5+ Kxe5 37. Qf2 Qf8 38. Qe3+ Kd6 39. Qd4+ Kc7
40. Qc4+ Kd8 41. Bf3 Bc8 42. Kb1 Bd6 43. Ne4 Be7 44. Qd4+ Kc7
45. Qe5+ Kb6 46. Nxg5 Qf5 47. a5+ Ka7 48. Qc7 Qc5 49. Qxc5+
Bxc5 50. Bg4 Be3 51. Bxe6 Bxg5 52. Bxc8 Bd2 53. c3 Bf4 54. h4
Bc7 55. b4 b6 56. axb6+ Kxb6 57. Kc2 a5 58. bxa5+ Kxa5 59. Kd3
Kb5 60. h5 Be5 61. g4 Kc5 62. c4 Kd6 63. Ke4 Bf6 64. Kf5 Bd4
65. g5 Ke7 66. Kg6 Be3 67. h6 Bf4 68. c5 1-0

[Event "4th Pichay Cup International Open"]
[Site "Manila"]
[Date "2008.09.14"]
[EventDate "2008.09.14"]
[Round "1"]
[Result "0-1"]
[White "Aleksandar H Wohl"]
[Black "Wesley So"]
[WhiteElo "2384"]
[BlackElo "2577"]
[PlyCount "84"]

1. Nf3 c5 2. c4 g6 3. d4 cxd4 4. Nxd4 Nc6 5. e4 Nf6 6. Nc3 d6
7. Be2 Nxd4 8. Qxd4 Bg7 9. O-O O-O 10. Bg5 h6 11. Bd2 Be6
12. Qe3 Qb6 13. Qxb6 axb6 14. f3 Nd7 15. Rfc1 Rfc8 16. Nd1 h5
17. Kf2 Rc6 18. Bg5 Rac8 19. Rab1 f6 20. Bd2 Bxc4 21. Bxc4+
Rxc4 22. Ne3 Rxc1 23. Rxc1 Rxc1 24. Bxc1 Bh6 25. Bd2 Kf7
26. Ke2 Bxe3 27. Bxe3 Ke6 28. Kd3 d5 29. exd5+ Kxd5 30. Kc3 b5
31. Kd3 Ne5+ 32. Kc3 Nc6 33. Kd3 e5 34. Bd2 Nd4 35. Be3 g5
36. Bf2 h4 37. f4 e4+ 38. Kd2 gxf4 39. Bxh4 f3 40. g4 f5
41. g5 f4 42. Bf2 Nf5 0-1

[Event "4th Pichay Cup International Open"]
[Site "Manila"]
[Date "2008.09.15"]
[EventDate "2008.09.14"]
[Round "2"]
[Result "1-0"]
[White "Wesley So"]
[Black "Ronald Dableo"]
[WhiteElo "2577"]
[BlackElo "2444"]
[PlyCount "85"]

1. e4 e6 2. d4 d5 3. Nc3 dxe4 4. Nxe4 Nd7 5. Nf3 Ngf6 6. Bd3
Nxe4 7. Bxe4 Nf6 8. Bg5 Be7 9. Bxf6 Bxf6 10. Qd3 h6 11. O-O-O
c6 12. h4 Qc7 13. g4 Qf4+ 14. Qe3 Qxe3+ 15. fxe3 g6 16. g5
hxg5 17. hxg5 Rxh1 18. Rxh1 Bg7 19. Ne5 Bd7 20. Ng4 e5
21. Nf6+ Bxf6 22. gxf6 O-O-O 23. dxe5 Be6 24. Rh7 g5 25. Rg7
g4 26. Bd3 Rd5 27. Rg5 Kd7 28. b4 a5 29. Bc4 axb4 30. Bxd5
Bxd5 31. Rxg4 c5 32. Kb2 Ke6 33. a3 bxa3+ 34. Kxa3 b5 35. Rg5
b4+ 36. Ka4 Bc6+ 37. Kb3 Bd5+ 38. c4 Bf3 39. Rg8 Bd1+ 40. Kb2
Be2 41. Re8+ Kf5 42. e4+ Kg6 43. Rg8+ 1-0

[Event "4th Pichay Cup International Open"]
[Site "Manila"]
[Date "2008.09.16"]
[EventDate "2008.09.14"]
[Round "4"]
[Result "0-1"]
[White "Wesley So"]
[Black "Li Shilong"]
[WhiteElo "2577"]
[BlackElo "2511"]
[PlyCount "98"]

1. e4 e6 2. d4 d5 3. Nc3 Bb4 4. e5 c5 5. a3 Bxc3+ 6. bxc3 Ne7
7. Qg4 cxd4 8. cxd4 Qc7 9. Ra2 Nf5 10. Nf3 Nc6 11. Kd1 h5
12. Qg5 Bd7 13. Qf4 f6 14. exf6 Qxf4 15. Bxf4 gxf6 16. c3 Rc8
17. Bd3 Na5 18. a4 Rg8 19. Re1 Kf7 20. Bxf5 exf5 21. Bd6 Rce8
22. Rxe8 Bxe8 23. Ke1 Nc4 24. Bf4 Rxg2 25. Bg3 f4 26. Bxf4 Bd7
27. Nd2 Nxd2 28. Rxd2 Rg1+ 29. Ke2 Bxa4 30. Rb2 Bc6 31. Bc7 a6
32. Kf3 Bb5 33. Rb3 Ke6 34. Bg3 Kf5 35. h4 Ra1 36. Bf4 Re1
37. Bg3 Ra1 38. Bd6 Rc1 39. Bf4 Rd1 40. Bh6 Rh1 41. Kg3 Rg1+
42. Kf3 Rg4 43. Rb1 Rxh4 44. Rg1 Re4 45. Be3 Rg4 46. Rg3 Ba4
47. Bc1 Bd1+ 48. Ke3 h4 49. Rh3 Re4+ 0-1

[Event "4th Pichay Cup International Open"]
[Site "Manila"]
[Date "2008.09.16"]
[EventDate "2008.09.14"]
[Round "5"]
[Result "0-1"]
[White "Wang Li"]
[Black "Wesley So"]
[WhiteElo "2392"]
[BlackElo "2577"]
[PlyCount "62"]

1. e4 c5 2. Nf3 Nc6 3. d4 cxd4 4. Nxd4 Nf6 5. Nc3 e5 6. Ndb5
d6 7. Bg5 a6 8. Na3 b5 9. Nd5 Be7 10. Bxf6 Bxf6 11. c4 b4
12. Nc2 O-O 13. h4 Be6 14. g3 Bxd5 15. cxd5 Ne7 16. Nxb4 Qb6
17. Nd3 Nxd5 18. exd5 e4 19. Nf4 Qxb2 20. Rc1 Rac8 21. Rxc8
Rxc8 22. Ne2 Bc3+ 23. Nxc3 Rxc3 24. Bh3 Rc1 25. O-O Rxd1
26. Rxd1 Qxa2 27. h5 g6 28. Bd7 e3 29. fxe3 Qe2 30. Rb1 Qxe3+
31. Kh2 Qe2+ 0-1

[Event "4th Pichay Cup International Open"]
[Site "Manila"]
[Date "2008.09.18"]
[EventDate "2008.09.14"]
[Round "7"]
[Result "1/2-1/2"]
[White "Mikhael Mchedlishvili"]
[Black "Wesley So"]
[WhiteElo "2604"]
[BlackElo "2577"]
[PlyCount "80"]

1. c4 c5 2. Nf3 g6 3. Nc3 Bg7 4. g3 Nc6 5. Bg2 d6 6. O-O Nf6
7. d4 cxd4 8. Nxd4 Bd7 9. Nc2 O-O 10. b3 Qc8 11. Bb2 Bh3
12. Rc1 Rd8 13. Ba1 a6 14. Nd5 Bxg2 15. Kxg2 Nd7 16. Bxg7 Kxg7
17. Qd2 e6 18. Nde3 Nf6 19. Nd4 Nxd4 20. Qxd4 Qc5 21. Qb2 Qe5
22. Qxe5 dxe5 23. Rc2 Kf8 24. c5 Rac8 25. Rfc1 Nd5 26. Nxd5
exd5 27. c6 b5 28. a4 bxa4 29. bxa4 Rc7 30. Rb1 Ke7 31. Rb6
Kd6 32. Rxa6 Rdc8 33. e3 Rxc6 34. Rcxc6+ Rxc6 35. Ra7 Rc7
36. Ra8 Rc2 37. a5 Ra2 38. a6 h5 39. a7 Ke7 40. Kf1 Kf6
1/2-1/2

[Event "4th Pichay Cup International Open"]
[Site "Manila"]
[Date "2008.09.18"]
[EventDate "2008.09.14"]
[Round "8"]
[Result "1/2-1/2"]
[White "Wesley So"]
[Black "Saidali Iuldachev"]
[WhiteElo "2577"]
[BlackElo "2520"]
[PlyCount "81"]

1. e4 e5 2. Nf3 Nc6 3. Bb5 Nf6 4. O-O Nxe4 5. d4 Nd6 6. Bxc6
dxc6 7. dxe5 Nf5 8. Qxd8+ Kxd8 9. Nc3 Ke8 10. h3 Be7 11. Rd1
Nh4 12. Nd4 Nf5 13. Nde2 h5 14. Ne4 h4 15. b3 a5 16. a4 b6
17. Bb2 Rh6 18. Nf4 Be6 19. Rd3 Rd8 20. Rxd8+ Kxd8 21. Nxe6+
Rxe6 22. Kf1 Ke8 23. Rd1 c5 24. Nd2 Nd4 25. Bxd4 cxd4 26. Nf3
c5 27. Re1 g5 28. Re2 Kd7 29. Ke1 Kc6 30. Kd2 b5 31. axb5+
Kxb5 32. Kd3 Ra6 33. c3 dxc3 34. Kxc3 a4 35. Ra2 axb3 36. Rxa6
Kxa6 37. Kxb3 Kb5 38. Nd2 f6 39. exf6 Bxf6 40. g3 hxg3
41. fxg3 1/2-1/2

[Event "1st Dragon Capital Vietnam Open"]
[Site "Vung Tau VIE"]
[Date "2008.08.29"]
[EventDate "2008.08.27"]
[Round "5"]
[Result "1/2-1/2"]
[White "Wesley So"]
[Black "Zurab Azmaiparashvili"]
[WhiteElo "2577"]
[BlackElo "2615"]
[PlyCount "76"]

1. e4 d6 2. d4 Nf6 3. Nc3 g6 4. f4 Bg7 5. Nf3 O-O 6. Bd3 Na6
7. O-O c5 8. d5 Bg4 9. Bc4 e6 10. dxe6 Bxe6 11. Bxe6 fxe6
12. f5 exf5 13. exf5 gxf5 14. Nh4 Ng4 15. Nxf5 Rxf5 16. Rxf5
Qh4 17. h3 Bd4+ 18. Kh1 Nf2+ 19. Rxf2 Qxf2 20. Ne4 Qf5
21. Nxd6 Qe6 22. c3 Qxd6 23. Qb3+ Kh8 24. cxd4 cxd4 25. Qxb7
Rf8 26. Bg5 Nc5 27. Qe7 Qxe7 28. Bxe7 Rf5 29. Rd1 Ne6 30. Re1
Nc5 31. Bxc5 Rxc5 32. Re8+ Kg7 33. Rd8 Rc1+ 34. Kh2 Rd1
35. Rd7+ Kg6 36. Rxa7 d3 37. Kg3 Rb1 38. Rd7 Rxb2 1/2-1/2

[Event "1st Dragon Capital Vietnam Open"]
[Site "Vung Tau VIE"]
[Date "2008.09.01"]
[EventDate "2008.08.27"]
[Round "9"]
[Result "1-0"]
[White "Wesley So"]
[Black "Marat Dzhumaev"]
[WhiteElo "2577"]
[BlackElo "2549"]
[PlyCount "43"]

1. e4 Nf6 2. e5 Nd5 3. d4 d6 4. Nf3 Bf5 5. Bd3 Bxd3 6. Qxd3
Nc6 7. Qb3 e6 8. exd6 Qxd6 9. O-O O-O-O 10. Rd1 Nf4 11. Nc3 g5
12. Bxf4 Qxf4 13. d5 Nb4 14. dxe6 Bc5 15. Ne2 Qf6 16. Qc4 g4
17. Nfd4 Bd6 18. exf7 Nd5 19. Nb5 Qxf7 20. Nec3 Qf4 21. Nxd6+
Qxd6 22. Rxd5 1-0

[Event "1st Dragon Capital Vietnam Open"]
[Site "Vung Tau VIE"]
[Date "2008.08.27"]
[EventDate "2008.08.27"]
[Round "2"]
[Result "1/2-1/2"]
[White "Van Huy Nguyen"]
[Black "Wesley So"]
[WhiteElo "2386"]
[BlackElo "2577"]
[PlyCount "113"]

1. e4 c5 2. Nf3 Nc6 3. Bb5 g6 4. Bxc6 dxc6 5. h3 Bg7 6. d3 Nf6
7. Nc3 O-O 8. Be3 b6 9. Qd2 e5 10. O-O-O Qd6 11. g4 a5 12. Nh4
a4 13. Ne2 Be6 14. Kb1 c4 15. g5 Nh5 16. dxc4 Qxd2 17. Rxd2
Bxc4 18. Bxb6 f6 19. Ng3 Nxg3 20. fxg3 fxg5 21. Ng2 Rf1+
22. Rxf1 Bxf1 23. b3 a3 24. g4 h5 25. Be3 Rf8 26. Bxg5 Rf3
27. gxh5 Rg3 28. Rd8+ Kh7 29. h6 Rxg5 30. hxg7 Kxg7 31. Ne3
Bxh3 32. Kc1 Bg2 33. Ra8 Bxe4 34. Rxa3 Rg1+ 35. Kd2 g5 36. Ke2
Rg3 37. Ra4 Bf3+ 38. Kf2 Rh3 39. Ra5 Kf6 40. Ra8 e4 41. Rf8+
Kg7 42. Re8 Rh2+ 43. Kg3 Re2 44. Nf5+ Kf7 45. Nd6+ Kg6 46. a4
Rg2+ 47. Kh3 g4+ 48. Kh4 Rxc2 49. Nxe4 Re2 50. Nd6 Rh2+
51. Kg3 Rg2+ 52. Kf4 Bd1 53. Re3 Rf2+ 54. Kg3 Rb2 55. Nc4 Rxb3
56. Rxb3 Bxb3 57. Ne5+ 1/2-1/2

[Event "3rd PGMA Cup International Open"]
[Site "Manila PHI"]
[Date "2008.09.07"]
[EventDate "2008.09.07"]
[Round "1"]
[Result "0-1"]
[White "Yu Lie"]
[Black "Wesley So"]
[WhiteElo "2377"]
[BlackElo "2577"]
[PlyCount "152"]

1. e4 c5 2. Nf3 Nc6 3. d4 cxd4 4. Nxd4 Nf6 5. Nc3 e5 6. Ndb5
d6 7. Bg5 a6 8. Na3 b5 9. Nd5 Be7 10. Bxf6 Bxf6 11. c4 b4
12. Nc2 a5 13. Be2 O-O 14. O-O Bg5 15. Qd3 Be6 16. a3 bxa3
17. Qxa3 Bxd5 18. exd5 Ne7 19. Rfd1 g6 20. Qc3 Qb6 21. b4 axb4
22. Qxb4 Qc7 23. Na3 Nf5 24. Nb5 Qb6 25. Bg4 Be7 26. Bxf5 gxf5
27. Qb3 Qc5 28. Qd3 Rfc8 29. g3 e4 30. Qd4 Rxa1 31. Rxa1 Qxc4
32. Qxc4 Rxc4 33. Ra8+ Kg7 34. Ra7 Rc5 35. Nc7 Kg6 36. Na6
Rc1+ 37. Kg2 Bf6 38. Rd7 Be5 39. f4 exf3+ 40. Kxf3 Rc2 41. Nb4
Rxh2 42. Nd3 Rd2 43. Ke3 Ra2 44. Nf4+ Kf6 45. Kf3 Ra5 46. Rd8
Bxf4 47. gxf4 Rxd5 48. Ke3 Rd1 49. Ke2 Rd4 50. Ke3 Re4+
51. Kf3 Ke6 52. Re8+ Kd5 53. Rh8 Ra4 54. Rxh7 Ra3+ 55. Kf2 Ke4
56. Rxf7 Kxf4 57. Rd7 Ra2+ 58. Ke1 Ke3 59. Re7+ Kf3 60. Rd7
Re2+ 61. Kf1 Rd2 62. Ke1 Rd4 63. Ra7 f4 64. Ra3+ Kg2 65. Ra2+
Kg3 66. Ra8 Rb4 67. Rg8+ Kf3 68. Rd8 Rb1+ 69. Kd2 Kf2 70. Rxd6
f3 71. Rf6 Rb8 72. Rd6 Kg2 73. Rg6+ Kf1 74. Ke3 f2 75. Ra6
Re8+ 76. Kd2 Rg8 0-1

[Event "3rd PGMA Cup International Open"]
[Site "Manila PHI"]
[Date "2008.09.08"]
[EventDate "2008.09.07"]
[Round "2"]
[Result "0-1"]
[White "Wesley So"]
[Black "John Paul Gomez"]
[WhiteElo "2577"]
[BlackElo "2457"]
[PlyCount "62"]

1. e4 e6 2. d4 d5 3. Nc3 Nf6 4. e5 Nfd7 5. f4 c5 6. Nf3 Nc6
7. Be3 a6 8. Qd2 b5 9. a3 Bb7 10. Ne2 Be7 11. Ng3 O-O 12. dxc5
Nxc5 13. Qf2 Ne4 14. Nxe4 dxe4 15. Nd2 f6 16. exf6 Bxf6
17. O-O-O Ne7 18. g3 Rc8 19. Nc4 Nd5 20. Nb6 Qc7 21. Nxc8 Rxc8
22. Bd4 e3 23. Qe2 Nxf4 24. gxf4 Bxh1 25. c3 Qxf4 26. Bh3 Bf3
27. Bxe6+ Kh8 28. Qxe3 Bg5 29. Bxc8 Qh4 30. Bxg7+ Kxg7 31. Rg1
Bg2 0-1